|
|
|
|
| LEADER |
01428pam a22004098a 4500 |
| 001 |
00033126 |
| 005 |
20171026081025.0 |
| 008 |
150414s2010 ||||||viesd |
| 020 |
|
|
|c 23000
|
| 041 |
0 |
# |
|a vie
|
| 082 |
1 |
4 |
|a 536
|b NH308Đ
|
| 245 |
1 |
0 |
|a Nhiệt động học 2
|b Năm thứ 2 PC - PC* PSI-PSI*
|c Jean Marie Brébec, Jean Noël Briffaut, Philippe Denève,... [và những người khác] ; Ngô Phú An (dịch)
|
| 246 |
0 |
1 |
|a Thermodynamique
|
| 250 |
# |
# |
|a Tái bản lần thứ tư
|
| 260 |
# |
# |
|a Hà Nội
|b Giáo dục
|c 2010
|
| 300 |
# |
# |
|a 146 tr.
|b hình vẽ, bảng
|c 27 cm.
|
| 653 |
# |
# |
|a Giáo trình
|
| 653 |
# |
# |
|a Nhiệt động học
|
| 653 |
# |
# |
|a Năng lượng
|
| 653 |
# |
# |
|a Thế nhiệt động
|
| 653 |
# |
# |
|a Vật lí
|
| 700 |
1 |
# |
|a Briffaut, Jean Noël
|
| 700 |
1 |
# |
|a Orsini, Claude
|
| 700 |
1 |
# |
|a Noel, Bruno
|
| 700 |
1 |
# |
|a Ngô,Phú An
|e dịch
|
| 700 |
1 |
# |
|a Ménétrier, Marc
|
| 700 |
1 |
# |
|a Favier, Alain
|
| 700 |
1 |
# |
|a Brébec, Jean Marie
|
| 700 |
1 |
# |
|a Denève, Philippe
|
| 700 |
1 |
# |
|a Desmarais, Thierry
|
| 852 |
# |
# |
|b Kho mượn
|j KGT.0048775
|
| 852 |
# |
# |
|b Kho giáo trình
|j KGT.0048775, KGT.0048776
|
| 852 |
# |
# |
|j KD.0016557
|j KGT.0048775
|j KGT.0048776
|
| 852 |
# |
# |
|b Kho đọc
|j KD.0016557
|
| 910 |
0 |
# |
|a kchi
|d 14/4/2015
|
| 980 |
# |
# |
|a Trung tâm Học liệu Lê Vũ Hùng, Trường Đại học Đồng Tháp
|